000 00597nam a2200241Ia 4500
003 OSt
005 20220924151114.0
006 a|||||r|||| 00| 0
007 ta
008 220923b |||||||| |||| 00| 0 mal d
020 _c1.50
024 _a336111
037 _cTextual
040 _aARTS
_cARTS
_bmal
041 _2mal
_amal
082 _aO32,3NMAx, K4
100 _aMadhavikutty
_9208492
245 0 _aPakshiyute manam
260 _c1964
650 _aMALAYALAM FICTION
_9183428
942 _hO32,3NMAx, K4
_cTEXL
_2CC
999 _c465523
_d465523